Responses for Show #8412 - Tuesday, June 1, 2021

Champion's winnings & consolation amounts matched to National Alliance on Mental Illness.

Contestants

[<< previous game]

Dominic Rios, a teacher from San Diego, California

Robin Lozano, a hospitality executive from San Antonio, Texas

Kevin Hirsh, an attorney from Fort Lauderdale, Florida (whose 1-day cash winnings total $25,201)

[next game >>]

Jeopardy! Round responses

PERU
SCIENTISTS
NOT TO BE CONFUSED: HOUSEHOLD BRANDS
MAKING FETCH HAPPEN
TV TITLE PAIRS
ANIMAL EXPRESSION FILL-IN
    $200 19
Lima

Kevin
    $200 11
Hans Geiger

Triple Stumper
    $200 26
Colgate

Kevin
    $200 2
Jack & Jill

Robin
    $200 23
(Mayim: One of my favorites.)

Ren & Stimpy

Kevin
    $200 3
mice

Robin
    $400 20
(Kevin: What is the Nazca River?)

the Amazon

Kevin
Triple Stumper
    $2,000 12
(Robin: Who is Brahe?)

Nicolaus Copernicus

Robin
    $400 27
Bounty & Brawny

Robin
    $400 1
a gofer

Robin
    $400 21
Will & Grace

Kevin
    $400 4
pig

Robin
    $600 16
the Andes

Dominic
    $600 13
Mendeleev

Robin
    $600 28
Dawn

Kevin
    $600 8
Mean Girls

Robin
    $600 22
Laverne & Shirley

Robin
    $600 5
cow

Robin
    $800 17
Cuzco

Kevin
    $800 14
extraterrestrial

Kevin
    $800 29
Nivea

Triple Stumper
    $800 9
golden apples

Triple Stumper
    $800 24
Phineas & Ferb

Dominic
    $800 6
(Kevin: What is horse's hair?)

frog

Kevin
Triple Stumper
    $1000 18
Lake Titicaca

Robin
    $1000 15
André-Marie Ampère

Triple Stumper
    $1000 30
Serta

Robin
    $1000 10
Prospero

Robin
    $1000 25
Key & Peele

Dominic
    $1000 7
swallow

Robin

Scores at the first commercial break (after clue 15):

Kevin Robin Dominic
$0 $3,000 $0

Scores at the end of the Jeopardy! Round:

Kevin Robin Dominic
$2,000 $6,000 $2,400

Double Jeopardy! Round responses

U.S. HISTORY
IMPORTED FROM ITALY
AUTHORS WHEN YOUNG
GRAMMY-WINNING DIRECTORS
QUOTATIONS
WORDS OF WISDOM
    $400 7
(Mayim: 30 dead, no one was ever caught.)

Wall Street

Kevin
    $400 10
the white truffle

Dominic
    $400 30
Columbia (University)

Dominic
    $400 12
Lady Gaga

Dominic
    $400 11
the wind

Triple Stumper
    $400 19
Sage

Robin
    $800 6
(Dominic: What is the Constitutional Convention?)

the United States Senate

Dominic
Triple Stumper
    $800 2
tomatoes

Dominic
    $800 26
Michael Crichton

Dominic
    $800 13
Ron Howard

Triple Stumper
    $800 17
the Gettysburg Address

Triple Stumper
    $800 20
(Mayim: That's a shrew.)

shrewd

Triple Stumper
    $1200 1
polio

Robin
    $1200 3
sheep

Dominic
    $1200 27
Joseph Conrad

Robin
    $1200 14
Rashida Jones

Kevin
    $1200 18
Luke

Triple Stumper
    $1200 21
savoir

Kevin
    $1,500 8
(Mayim: The city that also held the Olympics that year.)

St. Louis

Kevin
    $1600 4
the Venetian Lagoon

Robin
    $1600 28
(Dominic: Who's Mary Louise Alcott?)

Laura Ingalls Wilder

RobinDominic
    $1600 15
Christopher Walken

Dominic
    $1600 23
Kahlil Gibran

Robin
    $1600 22
sapiens

Triple Stumper
    $2000 9
(Robin: Who are the Sioux?)
(Kevin: Who are the Apache?)

the Nez Perce

KevinRobin
Triple Stumper
    $2000 5
(Mayim: Yes, delicious.)

Chianti

Kevin
    $3,000 29
(Robin: [Says nothing])
...
(Mayim: Anthony became Toni.)

Toni Morrison

Robin
    $2000 16
Tom Petty (and the Heartbreakers)

Robin
    $2000 24
Albert Schweitzer

Triple Stumper
    $2000 25
(Robin: What is adept?)

acumen

Robin
Triple Stumper

Scores at the end of the Double Jeopardy! Round:

Kevin Robin Dominic
$6,300 $8,600 $5,600

[wagering suggestions for these scores]

Final Jeopardy! Round responses

AROUND THE WORLD
(Mayim: [To Kevin] To account for how lemurs got to [*], the idea was accepted for a time to call it that.)
DominicWhat Galapagos
$3,500
KevinWhat is Madagascar?
$6,300
RobinWhat is Madagascar?
$4,001
Madagascar

Final scores:

Kevin Robin Dominic
$12,600 $12,601 $2,100
2nd place: $2,000 New champion: $12,601 3rd place: $1,000

Game dynamics:

Coryat scores:

Kevin Robin Dominic
$6,400 $13,600 $5,600
12 R
(including 1 DD),
3 W
20 R,
4 W
(including 2 DDs)
10 R,
2 W

Combined Coryat: $25,600

[game clues] [game scores] [suggest correction]

Game tape date: 2021-03-15
The J! Archive is created by fans, for fans. Scraping, republication, monetization, and malicious use prohibited; this site may use cookies and collect identifying information. See terms. The Jeopardy! game show and all elements thereof, including but not limited to copyright and trademark thereto, are the property of Jeopardy Productions, Inc. and are protected under law. This website is not affiliated with, sponsored by, or operated by Jeopardy Productions, Inc. Join the discussion at JBoard.tv.